La historia en disputa : memoria, olvido y usos del pasado /

Guardado en:
Autor Principal: Svampa, M. Lucila
Formato: Libro
Publicado: Buenos Aires : Prometeo Libros, 2016
Materias:
Etiquetas: Agregar Etiqueta
Sin Etiquetas, Sea el primero en etiquetar este registro!
LEADER 00605nam a22001935a 4500
001 EHU.bham044784
003 AR-BHAM
005 20170523135633.0
008 130507s2016##################000#0#####d
020 |a 9789875747661 
082 9 0 |a 901 
100 1 |a Svampa, M. Lucila 
245 1 0 |a La historia en disputa :  |b memoria, olvido y usos del pasado /  |c  M. Lucila Svampa 
260 |a Buenos Aires :  |b Prometeo Libros,  |c 2016 
300 |a 318 p. 
653 |a Historia-filosofía de la 
653 |a Historiografía 
653 |a Historia-teoría de la 
859 |a AR-BHAM  |b BIB. HUMANIDADES - General  |h 901  |i Sv14  |p 175.17  |t Ej.1